000 00253nam a2200109Ia 4500
008 200302s9999 xx 000 0 und d
100 _aPhilip Jodidio
245 _aArchitecture in Spain
260 _bTaschen Gmbh Ltd.
260 _c2007
300 _a190 .,
999 _c5155
_d5155